Slovenské príslovia a porekadlá a ich nemecké ekvivalenty

Bibliographic Details
Main Author: Pavlovičová, Mária (Author)
Format: Article
Language:Slovak
Subjects:

MARC

LEADER 00000nab a2200000 a 4500
001 vtls000498623
003 SK-MaSNL
005 20260303191027.0
008 230223c1993 xo 0 slo
015 |a SNBRB19rr/mm-uuuuu 
035 |a CL0498761 
035 |a urn:nbn:sk:snk-abcdn 
035 |a (urnnbn)urn:nbn:sk:snk:ar-a04ybm 
035 |a (uuid)b196d7c4-e5b7-43fe-92f2-9bea629e6bd9 
040 |a SNKBUCL  |b slo  |c SNKBUCL  |e AACR2 
041 0 |a slo 
044 |a xo  |c SK 
080 |a 801.318:808.54:803.0  |2 1981 
080 |a 808.54-318  |2 1981 
080 |a 803.0-318  |2 1981 
100 1 |a Pavlovičová, Mária  |4 aut  |9 514164 
245 1 0 |a Slovenské príslovia a porekadlá a ich nemecké ekvivalenty  |c Mária Pavlovičová 
650 0 7 |a slovenčina  |2 snkbucl  |9 1350 
650 0 7 |a frazeológia  |2 snkbucl  |9 1507 
650 0 7 |a príslovia  |2 snkbucl  |9 1251 
650 0 7 |a proverbiá  |2 snkbucl  |9 1219993 
650 0 7 |a porekadlá  |2 snkbucl  |9 647326 
655 7 |a články z novín a časopisov  |2 snkbucl  |9 267496 
773 0 |t Slovenský jazyk a literatúra v škole  |g Roč. 39, č. 6 (1992/1993), s. 305- 308 
850 |a Slovenská národná knižnica v Martine  |a MTA001 
852 |a SNK  |b KIS3GCP 
954 |a odborná, vedecká literatúra pôvodná (slovenská)  |2 lita 
958 |a RK 
958 |a OND 
958 |a EUIPO 
958 |a article27 
992 |a RBX 
999 |c 2139132  |d 2141062